O princípio da insignificância diante da criminalização da pesca profissional em Mato Grosso a partir da filosofia de Enrique Dussel / (Record no. 1306)

MARC details
000 -LÍDER
Campo Fixo de Controle 00920nam a2200253 a 4500
001 - NÚMERO DE CONTROLE
Campo de Controle 1306
003 - IDENTIFICAÇÃO DO NÚMERO DE CONTROLE
Campo de Controle BR-CuiBMT
005 - DATA E HORA DA ÚLTIMA ATUALIZAÇÃO
Campo de Controle 20231204221524.0
008 - DADOS FIXOS
Dados Fixos 231204s2007 mtb 000 0 por d
020 ## - INTERNATIONAL STANDARD BOOK NUMBER
Nº do ISBN 858989858
040 ## - AGÊNCIA CATALOGADORA
Código da Agência Catalogadora BR-CuiBMT
Agência que transcreveu o registro BR-CuiBMT
080 ## - Nº DA CLASSIFICAÇÃO DECIMAL UNIVERSAL
Nº edição CDU 2007
Nº Class. CDU 343.211:639.2
Subd. Auxiliar Comum (817.2)
090 ## - NÚMERO DE CHAMADA
Nº classificação 343.211:639.2(817.2)
Cutter C966p
100 1# - ENTRADA PRINCIPAL -- AUTOR PESSOAL
Nome pessoal Cuiabano, Renata Maciel
245 #2 - TÍTULO PRINCIPAL
Título principal O princípio da insignificância diante da criminalização da pesca profissional em Mato Grosso a partir da filosofia de Enrique Dussel /
Indicação de responsabilidade Renata Maciel Cuiabano.
260 ## - PUBLICAÇÃO, DISTRIBUIÇÃO, ETC.
Local de publicação Mato Grosso :
Editora Unemat ,
Data 2007.
300 ## - DESCRIÇÃO FÍSICA
N. páginas ou volumes 140 p.:
Dimensões 22 cm
504 ## - NOTA DE BIBLIOGRAFIA, ETC.
Nota de bibliografia Inclui bibliografia.
650 ## - ASSUNTO TÓPICO
Cabeçalho tópico ou nome geográfico Direito penal
Subdivisão geral princípio da insignificância
650 ## - ASSUNTO TÓPICO
Cabeçalho tópico ou nome geográfico Pesca
Subdivisão geral princípio da insignificância
Subdivisão geográfica Mato Grosso
650 ## - ASSUNTO TÓPICO
Cabeçalho tópico ou nome geográfico Crime ambiental
650 ## - ASSUNTO TÓPICO
Cabeçalho tópico ou nome geográfico Pesca profissional
Subdivisão geral criminalização
Subdivisão geográfica Mato Grosso
942 ## - ELEMENTOS DE ENTRADA ADICIONAIS (KOHA)
Fonte de classificação ou esquema de arquivamento Classificação Decimal Universal
Tipo de item do Koha Livros
Holdings
Estado: removido Estado: perdido Fonte de classificação ou esquema de arquivamento Estado: danificado Indisponível para empréstimo Localização permanente Localização atual Data de aquisição Total Checkouts Número de Chamada completo Código de barras Date last seen Número do exemplar Preço efetivo a partir de Tipo de item (Koha)
    Classificação Decimal Universal     Biblioteca da Escola Superior de Contas do TCE/MT Biblioteca da Escola Superior de Contas do TCE/MT 04/12/2023   343.211:639.2(817.2) C966p BIBTCEMT23120148 04/12/2023 Ex. 1 04/12/2023 Livros
    Classificação Decimal Universal     Biblioteca da Escola Superior de Contas do TCE/MT Biblioteca da Escola Superior de Contas do TCE/MT 05/12/2023   343.211:639.2(817.2) C966p BIBTCEMT23120203 05/12/2023 Ex. 2 05/12/2023 Livros
    Classificação Decimal Universal     Biblioteca da Escola Superior de Contas do TCE/MT Biblioteca da Escola Superior de Contas do TCE/MT 05/12/2023   343.211:639.2(817.2) C966p BIBTCEMT23120204 05/12/2023 Ex. 3 05/12/2023 Livros

Powered by Koha